000 00326nam a22000977a 4500
008 150724b xxu||||| |||| 00| 0 eng d
010 _8HCCRSARF:035
245 _aHIGH COURT CRIMINAL SESSION NO.26 OF 1976 Uganda Vs Bumbakali Sabaidu and two others
260 _aHigh Court Kampala
500 _3BEFORE: Hon. Mr. Justice S.T. Manyindo
999 _c8118
_d8118